000 00372nam a2200133Ia 4500
008 230411s9999 xx 000 0 und d
041 _aeng
082 _aX/823/CAN/B07153
100 _aCanfield Jack
245 _aChicken Soup for the Soul : Indian college students
260 _bWestland
_aHyderabad
_c2011
300 _a422p
999 _c157330
_d157330